Conceptualizing Low - Skillness: A New Approach
Štrukturálne procesy a fundamentálne zmeny na trhoch práce a ich odlišný dopad na jednotlivca s odlišnými vlastnosťami. Kategórie pracovníkov, ktorí sú formálne vzdelaní a vyškolení, avšak chýbajú im potrebné zručnosti. Príčiny nizkokvalifikovanosti a možnosti sociálnej integrácie.
Enregistré dans:
| Auteur principal: | |
|---|---|
| Autres auteurs: | , |
| Format: | Chapitre de livre |
| Langue: | anglais |
| Sujets: | |
| Tags: |
Pas de tags, Soyez le premier à ajouter un tag!
|
MARC
| LEADER | 00000naa a2200000 4500 | ||
|---|---|---|---|
| 001 | 0209986 | ||
| 005 | 20231208093922.3 | ||
| 041 | 0 | |a eng | |
| 044 | |a SK | ||
| 245 | 1 | 0 | |a Conceptualizing Low - Skillness: A New Approach |c Lucia Kureková, Corina Haita, Miroslav Beblavý |
| 520 | |a Štrukturálne procesy a fundamentálne zmeny na trhoch práce a ich odlišný dopad na jednotlivca s odlišnými vlastnosťami. Kategórie pracovníkov, ktorí sú formálne vzdelaní a vyškolení, avšak chýbajú im potrebné zručnosti. Príčiny nizkokvalifikovanosti a možnosti sociálnej integrácie. | ||
| 610 | 2 | 0 | |a kategórie pracovníkov |
| 610 | 2 | 0 | |a pracovníci kvalifikovaní |
| 610 | 2 | 0 | |a pracovníci nekvalifikovaní |
| 610 | 2 | 0 | |a zručnosti |
| 610 | 2 | 0 | |a zamestnávatelia |
| 610 | 2 | 0 | |a zamestnanci |
| 610 | 2 | 0 | |a začlenenie sociálne |
| 100 | 1 | |a Kureková, Lucia | |
| 700 | 1 | |a Haita, Corina | |
| 700 | 1 | |a Beblavý, Miroslav | |